000
00212 a2200097 4500
001
17050
100
_a
Stevenson R L
245
_a
Dr Jekyll and Mr. Hyde
260
_a
London
_b
Macdonald
_c
090
_c
12716
_d
12716
942
_a
NUST-CAE
_c
M
_c
3021
999
_c
252123
_d
252123